Repoobchody a repotendre Európskej centrálnej banky a Federálneho rezervného systému bakalárska práca

Uložené v:
Podrobná bibliografia
Hlavný autor: Kurejová, Ivana
Korporativný autor: Národohospodárska fakulta EU. Katedra bankovníctva a medzinárodných financií
Ďalší autori: Tučník, Miroslav
Médium: Kniha
Jazyk:Slovak
Vydavateľské údaje: Bratislava 2009
Tagy: Pridať tag
Žiadne tagy, Buďte prvý, kto otaguje tento záznam!

MARC

LEADER 00000nam$a2200000$$$4500
001 0100170
005 20240319123351.4
041 0 |a slo 
044 |a SK 
245 1 0 |a Repoobchody a repotendre Európskej centrálnej banky a Federálneho rezervného systému  |b bakalárska práca  |c Ivana Kurejová ; škol. Miroslav Tučník 
264 1 |a Bratislava  |c 2009 
300 |a 46 s. 
100 1 |a Kurejová, Ivana 
700 1 |a Tučník, Miroslav 
710 2 |a Národohospodárska fakulta EU. Katedra bankovníctva a medzinárodných financií